The five steps to improve energy efficiency and reduce CO2 emissions in rented office buildings (Record no. 106919)

MARC details
000 -LEADER
fixed length control field 01294cam a22002295a 4500
001 - CONTROL NUMBER
control field L137895
008 - FIXED-LENGTH DATA ELEMENTS--GENERAL INFORMATION
fixed length control field 110623s2007 xxkad f 000 0 eng d
035 ## - SYSTEM CONTROL NUMBER
System control number (Sirsi) u137895
041 0# - LANGUAGE CODE
Language code of text/sound track or separate title eng
110 2# - MAIN ENTRY--CORPORATE NAME
Corporate name or jurisdiction name as entry element British Property Federation
9 (RLIN) 1604
245 04 - TITLE STATEMENT
Title The five steps to improve energy efficiency and reduce CO2 emissions in rented office buildings
260 ## - PUBLICATION, DISTRIBUTION, ETC.
Place of publication, distribution, etc. London
Name of publisher, distributor, etc. BPF
Date of publication, distribution, etc. 2007
520 ## - SUMMARY, ETC.
Summary, etc. Presents the Landlord's Energy Statement (LES), which aims to become an industry standard for summarising the energy use in buildings. This seeks to enable the measuring, understanding and benchmarking of energy efficiency in buildings. It anticipates the introduction of mandatory energy performance certificates. Offers a five-point plan for landlords to follow. Presents case studies and offers contacts for further support.
590 ## - LOCAL NOTE (RLIN)
Local note KA
650 24 - SUBJECT ADDED ENTRY--TOPICAL TERM
Topical term or geographic name entry element ENERGY PERFORMANCE CERTIFICATES
650 24 - SUBJECT ADDED ENTRY--TOPICAL TERM
Topical term or geographic name entry element EC DIRECTIVES
650 24 - SUBJECT ADDED ENTRY--TOPICAL TERM
Topical term or geographic name entry element LANDLORDS' ENERGY STATEMENTS
651 #4 - SUBJECT ADDED ENTRY--GEOGRAPHIC NAME
Geographic name England and Wales
Chronological subdivision 1543-
690 ## - LOCAL SUBJECT ADDED ENTRY--TOPICAL TERM (OCLC, RLIN)
Topical term or geographic name as entry element ENVIRONMENTAL AND LAND CONSULTANCY-ENERGY-ENERGY USE
856 40 - ELECTRONIC LOCATION AND ACCESS
Uniform Resource Identifier <a href="https://www.less-en.org/_assets/client/files/1308-BPF%20Five%20steps%20to%20improving%20energy%20efficiency%20in%20tennented%20bldgs.pdf">https://www.less-en.org/_assets/client/files/1308-BPF%20Five%20steps%20to%20improving%20energy%20efficiency%20in%20tennented%20bldgs.pdf</a>
Public note View the item free of charge at www.less-en.org
942 ## - ADDED ENTRY ELEMENTS (KOHA)
Suppress in OPAC 0
Holdings
Withdrawn status Lost status Source of classification or shelving scheme Damaged status Not for loan Home library Current library Shelving location Date acquired Total Checkouts Full call number Barcode Date last seen Copy number Price effective from Koha item type
    Dewey Decimal Classification     Virtual Virtual Online 04/05/2007   ONLINE PUBLICATION 137895-1001 06/08/2019 1 06/08/2019 Book